Numerical methods in thermal problems : (Record no. 3151)
[ view plain ]
| 000 -LEADER | |
|---|---|
| fixed length control field | 00938nam a22002655a 4500 |
| 008 - FIXED-LENGTH DATA ELEMENTS--GENERAL INFORMATION | |
| fixed length control field | 150827t1979 u a|||fr|||| 00| 0 eng d |
| 010 ## - LIBRARY OF CONGRESS CONTROL NUMBER | |
| LC control number | 94642393 |
| 020 ## - INTERNATIONAL STANDARD BOOK NUMBER | |
| International Standard Book Number | 0906674018 |
| 035 ## - SYSTEM CONTROL NUMBER | |
| System control number | (OCoLC)ocm08268513 |
| 040 ## - CATALOGING SOURCE | |
| Original cataloging agency | EG-ScBuE |
| Language of cataloging | eng |
| Transcribing agency | EG-ScBuE |
| 082 00 - DEWEY DECIMAL CLASSIFICATION NUMBER | |
| Classification number | 621.4020151 |
| Edition number | NUM |
| Item number | 22 |
| 245 10 - TITLE STATEMENT | |
| Title | Numerical methods in thermal problems : |
| Remainder of title | proceedings of the first international conference held at University College, Swansea on 2nd-6th July, 1979. |
| 260 ## - PUBLICATION, DISTRIBUTION, ETC. (IMPRINT) | |
| Place of publication, distribution, etc | Swansea : |
| Name of publisher, distributor, etc | Pineridge Press, |
| Date of publication, distribution, etc | c.1979 |
| 300 ## - PHYSICAL DESCRIPTION | |
| Extent | 1155 p. : |
| Other physical details | ill. ; |
| Dimensions | 24 cm. |
| 590 ## - LOCAL NOTE (RLIN) | |
| Local note | yassmeen ashraf |
| 650 #0 - SUBJECT ADDED ENTRY--TOPICAL TERM | |
| Topical term or geographic name as entry element | Heat |
| General subdivision | Transmission |
| -- | Mathematics |
| Form subdivision | Congresses. |
| Source of heading or term | BUEsh |
| 650 #0 - SUBJECT ADDED ENTRY--TOPICAL TERM | |
| Topical term or geographic name as entry element | Mass transfer |
| General subdivision | Mathematics |
| Form subdivision | Congresses. |
| Source of heading or term | BUEsh |
| 650 #0 - SUBJECT ADDED ENTRY--TOPICAL TERM | |
| Topical term or geographic name as entry element | Numerical analysis |
| Form subdivision | Congresses. |
| Source of heading or term | BUEsh |
| 651 ## - SUBJECT ADDED ENTRY--GEOGRAPHIC NAME | |
| Source of heading or term | BUEsh |
| 653 ## - INDEX TERM--UNCONTROLLED | |
| Resource For college | Engineering, Civil |
| Arrived date list | August2015 |
| 655 ## - INDEX TERM--GENRE/FORM | |
| Form subdivision | |
| -- | 34232 |
| 700 1# - ADDED ENTRY--PERSONAL NAME | |
| Personal name | Lewis,R.W. |
| 700 1# - ADDED ENTRY--PERSONAL NAME | |
| Personal name | Morgan,K. |
| 942 ## - ADDED ENTRY ELEMENTS (KOHA) | |
| Item type | NB - Book (Non borrowing) |
| Call number prefix | 621.4020151 NUM |
| Source of classification or shelving scheme | Dewey Decimal Classification |
| Withdrawn status | Item status | Source of classification or shelving scheme | Materials specified (bound volume or other part) | Damaged status | Not for loan | Home library | Current library | Shelving location | Date acquired | Total Checkouts | Full call number | Barcode | Date last seen | Koha item type |
|---|---|---|---|---|---|---|---|---|---|---|---|---|---|---|
| Dewey Decimal Classification | Invalid barcode - Cataloging Dep. | Central Library | Central Library | First floor | 25/03/2007 | 621.4020151 NUM | 000046606 | 15/07/2025 | Book - Borrowing |